LIBRARY & INFORMATION CENTRE, KCAET, TAVANUR

ONLINE PUBLIC ACCESS CATALOGUE (OPAC)

Optimization of microwave Assisted Process for Extraction of Nutmeg Seed Essential Oil (Record no. 14894)

MARC details
000 -LEADER
fixed length control field 00764nam a22001817a 4500
003 - CONTROL NUMBER IDENTIFIER
control field OSt
088 ## - REPORT NUMBER
Report number P370
100 ## - MAIN ENTRY--AUTHOR NAME
Personal name SAFEENA P.A
-- SRAVAN RAJ
-- SREELATHA E
-- STENY SIMON
-- THEERTHA M.S
245 ## - TITLE STATEMENT
Title Optimization of microwave Assisted Process for Extraction of Nutmeg Seed Essential Oil
260 ## - PUBLICATION, DISTRIBUTION, ETC. (IMPRINT)
Place of publication Tavanur 2017
Name of publisher Department of Food & Agricultural Process Engineering
300 ## - PHYSICAL DESCRIPTION
Number of Pages 60
500 ## - GENERAL NOTE
General note Optimization of microwave Assisted Process for Extraction of Nutmeg Seed Essential Oil
520 ## - SUMMARY, ETC.
Summary, etc Optimization of microwave Assisted Process for Extraction of Nutmeg Seed Essential Oil
700 ## - ADDED ENTRY--PERSONAL NAME
Personal name Dr. Prince M.V (Guide)
856 ## - ELECTRONIC LOCATION AND ACCESS
Uniform Resource Identifier https://drive.google.com/open?id=1NWzvRporPdx5VIJHaHFvf9xTfwUKeuE1
942 ## - ADDED ENTRY ELEMENTS (KOHA)
Koha item type Project Report
Holdings
Collection code Home library Current library Shelving location Full call number Accession Number Koha item type
Reference KAUAET KAUAET Reference 664 SAF/OP P 370 Project Report
free website counter